[Event "Copenhagen Chess Challenge 2"]
[Site "?"]
[Date "2015.05.02"]
[Round "7.1"]
[White "Rydstrom,2286, FM Tom"]
[Black "Haug,2309, FM Johannes"]
[Result "1/2-1/2"]
[BlackElo "2309"]
[WhiteElo "2286"]
[LiveChessVersion "1.4.6"]

1. Nf3 {[%clk 1:29:45]} Nf6 {[%clk 1:29:49]} 2. b3 {[%clk 1:30:00]} b6
{[%clk 1:30:03]} 3. Bb2 {[%clk 1:29:35]} e6 {[%clk 1:30:27]} 4. c4
{[%clk 1:29:10]} c5 {[%clk 1:30:18]} 5. e3 {[%clk 1:27:26]} Bb7 {[%clk 1:30:43]}
6. Be2 {[%clk 1:27:27]} Be7 {[%clk 1:31:00]} 7. O-O {[%clk 1:27:53]} O-O
{[%clk 1:31:25]} 8. d4 {[%clk 1:21:53]} d5 {[%clk 1:31:45]} 9. cxd5
{[%clk 1:18:33]} Nxd5 {[%clk 1:32:11]} 10. Nbd2 {[%clk 1:14:10]} Nd7
{[%clk 1:31:47]} 11. Nc4 {[%clk 1:08:13]} Rc8 {[%clk 1:28:10]} 12. Rc1
{[%clk 1:08:19]} N7f6 {[%clk 1:26:49]} 13. Nfe5 {[%clk 1:01:15]} b5
{[%clk 1:24:48]} 14. Nd2 {[%clk 0:57:07]} Qb6 {[%clk 1:24:09]} 15. Ndf3
{[%clk 0:42:04]} a6 {[%clk 1:18:08]} 16. a3 {[%clk 0:34:25]} cxd4
{[%clk 0:44:45]} 17. Nxd4 {[%clk 0:34:16]} Rxc1 {[%clk 0:44:14]} 18. Qxc1
{[%clk 0:34:26]} Rc8 {[%clk 0:43:56]} 19. Qa1 {[%clk 0:33:27]} Bd6
{[%clk 0:41:55]} 20. Nef3 {[%clk 0:29:52]} h6 {[%clk 0:35:37]} 1/2-1/2

[Event "Copenhagen Chess Challenge 2"]
[Site "?"]
[Date "2015.05.02"]
[Round "7.2"]
[White "Christensen,2358, IM Tobias Bent"]
[Black "Pallesen,2059, Jacob"]
[Result "1-0"]
[BlackElo "2059"]
[WhiteElo "2358"]
[LiveChessVersion "1.4.6"]

1. e4 {[%clk 1:30:58]} g6 {[%clk 1:30:39]} 2. d4 {[%clk 1:31:24]} Bg7
{[%clk 1:31:02]} 3. Nc3 {[%clk 1:31:51]} d6 {[%clk 1:31:00]} 4. f4
{[%clk 1:32:15]} a6 {[%clk 1:28:14]} 5. Nf3 {[%clk 1:32:41]} b5 {[%clk 1:27:21]}
6. Bd3 {[%clk 1:32:59]} Bb7 {[%clk 1:25:53]} 7. O-O {[%clk 1:30:07]} Nd7
{[%clk 1:25:51]} 8. Be3 {[%clk 1:23:40]} Ngf6 {[%clk 1:19:15]} 9. e5
{[%clk 1:23:06]} Nd5 {[%clk 1:17:52]} 10. Nxd5 {[%clk 1:20:34]} Bxd5
{[%clk 1:16:41]} 11. a4 {[%clk 1:14:07]} c6 {[%clk 1:04:56]} 12. b3
{[%clk 1:05:45]} b4 {[%clk 1:03:22]} 13. Qe1 {[%clk 0:58:42]} a5 {[%clk 1:02:34]}
14. exd6 {[%clk 0:58:51]} exd6 {[%clk 1:00:56]} 15. Bf2+ {[%clk 0:58:51]} Qe7
{[%clk 0:57:25]} 16. Bh4 {[%clk 0:57:54]} Bf6 {[%clk 0:55:47]} 17. Bxf6
{[%clk 0:53:31]} Nxf6 {[%clk 0:56:01]} 18. Qh4 {[%clk 0:51:21]} Ne4
{[%clk 0:51:42]} 19. Qxe7+ {[%clk 0:48:29]} Kxe7 {[%clk 0:51:36]} 20. Rae1
{[%clk 0:48:49]} f5 {[%clk 0:49:55]} 21. Ng5 {[%clk 0:48:55]} Kf6
{[%clk 0:46:49]} 22. Bxe4 {[%clk 0:47:51]} Bxe4 {[%clk 0:46:11]} 23. Nxe4+
{[%clk 0:48:15]} fxe4 {[%clk 0:46:37]} 24. Rxe4 {[%clk 0:48:41]} Rhe8
{[%clk 0:45:48]} 25. Ree1 {[%clk 0:42:57]} Re6 {[%clk 0:38:41]} 26. Kf2
{[%clk 0:35:13]} Rae8 {[%clk 0:38:15]} 27. Rxe6+ {[%clk 0:35:28]} Rxe6
{[%clk 0:38:35]} 28. d5 {[%clk 0:35:37]} cxd5 {[%clk 0:33:06]} 29. Rd1
{[%clk 0:36:00]} Re4 {[%clk 0:32:34]} 30. Rxd5 {[%clk 0:36:05]} Rxf4+
{[%clk 0:32:45]} 31. Ke3 {[%clk 0:35:40]} Rf5 {[%clk 0:32:36]} 32. Rxd6+
{[%clk 0:35:54]} Ke7 {[%clk 0:31:11]} 33. Ra6 {[%clk 0:28:36]} Rc5
{[%clk 0:25:41]} 34. Kd3 {[%clk 0:28:46]} Kd7 {[%clk 0:19:34]} 35. Ra7+
{[%clk 0:28:57]} Kc6 {[%clk 0:19:27]} 36. Rxh7 {[%clk 0:29:15]} Rd5+
{[%clk 0:19:03]} 37. Ke3 {[%clk 0:29:23]} Rc5 {[%clk 0:18:58]} 38. Kd2
{[%clk 0:28:44]} Rf5 {[%clk 0:16:07]} 39. g4 {[%clk 0:28:10]} Rf2+
{[%clk 0:13:09]} 40. Kc1 {[%clk 0:28:11]} Rf1+ {[%clk 0:11:12]} 41. Kb2
{[%clk 0:28:32]} Rg1 {[%clk 0:11:29]} 42. h3 {[%clk 0:28:52]} Rg3
{[%clk 0:10:54]} 43. Rh6 {[%clk 0:28:13]} Kb7 {[%clk 0:11:08]} 44. Rxg6
{[%clk 0:28:12]} Rxh3 {[%clk 0:11:31]} 45. Rg5 {[%clk 0:28:31]} Kb6
{[%clk 0:11:39]} 46. Rg6+ {[%clk 0:17:10]} Kb7 {[%clk 0:11:39]} 47. g5
{[%clk 0:17:23]} Rg3 {[%clk 0:09:55]} 48. Rg8 {[%clk 0:17:45]} Rg2
{[%clk 0:07:47]} 49. g6 {[%clk 0:17:06]} Rg1 {[%clk 0:07:34]} 50. c4
{[%clk 0:13:08]} bxc3+ {[%clk 0:07:10]} 51. Kxc3 {[%clk 0:13:31]} Rg3+
{[%clk 0:07:16]} 52. Kc4 {[%clk 0:13:33]} Kc6 {[%clk 0:05:53]} 53. Kd4
{[%clk 0:11:17]} Kd6 {[%clk 0:05:43]} 54. g7 {[%clk 0:11:00]} 1-0

[Event "Copenhagen Chess Challenge 2"]
[Site "?"]
[Date "2015.05.02"]
[Round "7.3"]
[White "Nielsen,2219, FM Lars Aaes"]
[Black "Risting,2107, Eivind Olav"]
[Result "1/2-1/2"]
[BlackElo "2107"]
[WhiteElo "2219"]
[LiveChessVersion "1.4.6"]

1. e4 {[%clk 1:30:57]} e6 {[%clk 1:30:57]} 2. d4 {[%clk 1:31:24]} d5
{[%clk 1:31:24]} 3. Nc3 {[%clk 1:31:52]} Nf6 {[%clk 1:31:48]} 4. Bg5
{[%clk 1:32:17]} dxe4 {[%clk 1:32:15]} 5. Nxe4 {[%clk 1:32:41]} Be7
{[%clk 1:32:38]} 6. Bxf6 {[%clk 1:33:00]} gxf6 {[%clk 1:33:04]} 7. Qd3
{[%clk 1:33:20]} Nc6 {[%clk 1:33:26]} 8. O-O-O {[%clk 1:32:46]} Nb4
{[%clk 1:33:45]} 9. Qb3 {[%clk 1:30:09]} Qd5 {[%clk 1:34:00]} 10. Qxd5
{[%clk 1:22:02]} Nxd5 {[%clk 1:34:22]} 11. c4 {[%clk 1:19:42]} Nb6
{[%clk 1:33:16]} 12. Nc3 {[%clk 1:19:25]} Bd7 {[%clk 1:28:01]} 13. Nf3
{[%clk 1:17:40]} c5 {[%clk 1:26:12]} 14. d5 {[%clk 1:12:23]} O-O-O
{[%clk 1:23:49]} 15. Be2 {[%clk 1:08:13]} exd5 {[%clk 1:19:59]} 16. cxd5
{[%clk 1:07:15]} Bf5 {[%clk 1:17:18]} 17. Nh4 {[%clk 1:01:01]} Bd7
{[%clk 1:15:22]} 18. Bd3 {[%clk 0:57:53]} c4 {[%clk 1:13:21]} 19. Bf5
{[%clk 0:55:52]} Bb4 {[%clk 1:05:38]} 20. Rhe1 {[%clk 0:51:04]} Rhg8
{[%clk 1:03:03]} 21. g3 {[%clk 0:42:55]} Bxf5 {[%clk 0:57:44]} 22. Nxf5
{[%clk 0:43:19]} Rg5 {[%clk 0:57:02]} 23. Ne7+ {[%clk 0:39:27]} Kd7
{[%clk 0:53:05]} 24. d6 {[%clk 0:39:44]} Bxc3 {[%clk 0:51:18]} 25. bxc3
{[%clk 0:40:08]} Re5 {[%clk 0:50:21]} 26. Rxe5 {[%clk 0:38:13]} fxe5
{[%clk 0:49:08]} 27. Nf5 {[%clk 0:37:48]} Ke6 {[%clk 0:45:37]} 28. g4
{[%clk 0:38:08]} Nd5 {[%clk 0:35:55]} 29. Kc2 {[%clk 0:36:30]} Nf6
{[%clk 0:34:56]} 30. f3 {[%clk 0:34:50]} Ne8 {[%clk 0:34:21]} 31. Rb1
{[%clk 0:32:10]} Nxd6 {[%clk 0:32:19]} 32. Nxd6 {[%clk 0:32:35]} Rxd6
{[%clk 0:32:41]} 33. Rxb7 {[%clk 0:33:02]} Rd3 {[%clk 0:30:52]} 34. Rxa7 Rxf3
{[%clk 0:31:16]} 35. Ra6+ {[%clk 0:33:51]} Kd5 {[%clk 0:30:52]} 36. Rh6
{[%clk 0:33:57]} Rf2+ {[%clk 0:30:42]} 37. Kd1 {[%clk 0:33:14]} Rxa2
{[%clk 0:25:30]} 38. Rxh7 {[%clk 0:33:38]} Ke4 {[%clk 0:24:17]} 39. g5
{[%clk 0:30:44]} Ke3 {[%clk 0:21:26]} 40. Rxf7 {[%clk 0:23:15]} Rxh2
{[%clk 0:20:57]} 41. g6 {[%clk 0:22:17]} Kd3 {[%clk 0:20:27]} 42. Rf3+
{[%clk 0:22:29]} Ke4 {[%clk 0:20:24]} 43. Rg3 {[%clk 0:22:49]} Rh8
{[%clk 0:20:00]} 44. g7 {[%clk 0:22:37]} Rg8 {[%clk 0:20:18]} 45. Ke2
{[%clk 0:22:46]} Kf4 {[%clk 0:19:18]} 46. Rg1 {[%clk 0:22:13]} Ke4
{[%clk 0:19:09]} 47. Rg4+ {[%clk 0:20:25]} Kf5 {[%clk 0:18:39]} 48. Kf3
{[%clk 0:20:34]} e4+ {[%clk 0:17:29]} 49. Rxe4 {[%clk 0:20:40]} Rxg7
{[%clk 0:17:45]} 50. Rxc4 {[%clk 0:21:02]} Ke5 {[%clk 0:17:55]} 51. Rc8
{[%clk 0:19:27]} Kd5 {[%clk 0:17:42]} 52. Ke3 {[%clk 0:19:26]} Rg3+
{[%clk 0:17:20]} 53. Kd2 {[%clk 0:19:50]} Rg2+ {[%clk 0:17:30]} 54. Kd3
{[%clk 0:20:13]} Rg3+ {[%clk 0:17:55]} 55. Kc2 {[%clk 0:20:38]} Rg1
{[%clk 0:17:12]} 56. Rd8+ {[%clk 0:19:44]} Kc4 {[%clk 0:17:27]} 57. Rd4+
{[%clk 0:20:09]} Kc5 {[%clk 0:17:41]} 58. Rh4 {[%clk 0:20:33]} Rf1
{[%clk 0:17:38]} 59. Kb3 {[%clk 0:20:47]} Rb1+ {[%clk 0:17:52]} 60. Kc2
{[%clk 0:21:13]} 1/2-1/2

[Event "Copenhagen Chess Challenge 2"]
[Site "?"]
[Date "2015.05.02"]
[Round "7.4"]
[White "Nielsen,2197, Thomas Bach"]
[Black "Olsen,2023, Michael Richard W."]
[Result "1-0"]
[BlackElo "2023"]
[WhiteElo "2197"]
[LiveChessVersion "1.4.6"]

1. d4 {[%clk 1:30:59]} d6 {[%clk 1:28:41]} 2. Nf3 {[%clk 1:30:57]} a6
{[%clk 1:28:37]} 3. e4 {[%clk 1:26:45]} Nf6 {[%clk 1:27:54]} 4. Nbd2
{[%clk 1:24:49]} e6 {[%clk 1:25:46]} 5. Bd3 {[%clk 1:21:37]} Nbd7
{[%clk 1:23:35]} 6. O-O {[%clk 1:18:02]} c5 {[%clk 1:21:33]} 7. c3
{[%clk 1:11:25]} Be7 {[%clk 1:16:32]} 8. Re1 {[%clk 1:06:57]} b6 {[%clk 1:12:15]}
9. e5 {[%clk 1:00:24]} dxe5 {[%clk 1:08:51]} 10. dxe5 {[%clk 1:00:15]} Nd5
{[%clk 1:01:14]} 11. Be4 {[%clk 0:55:09]} Ra7 {[%clk 1:00:46]} 12. Nc4
{[%clk 0:54:49]} Bb7 {[%clk 0:55:16]} 13. a4 {[%clk 0:44:00]} O-O
{[%clk 0:48:19]} 14. Qd3 {[%clk 0:43:27]} g6 {[%clk 0:47:06]} 15. g3
{[%clk 0:36:45]} Qb8 {[%clk 0:37:53]} 16. h4 {[%clk 0:27:14]} b5 {[%clk 0:25:27]}
17. axb5 {[%clk 0:27:07]} axb5 {[%clk 0:25:33]} 18. Rxa7 {[%clk 0:27:30]} Qxa7
{[%clk 0:25:24]} 19. Na3 {[%clk 0:25:32]} c4 {[%clk 0:24:10]} 20. Qd2
{[%clk 0:25:43]} Nc5 {[%clk 0:18:46]} 21. Bc2 {[%clk 0:18:13]} Qb6
{[%clk 0:16:26]} 22. h5 {[%clk 0:17:20]} Ba8 {[%clk 0:16:00]} 23. Qh6
{[%clk 0:15:52]} Nd3 {[%clk 0:14:53]} 24. Bxd3 {[%clk 0:13:24]} cxd3
{[%clk 0:15:13]} 25. Nd4 {[%clk 0:13:35]} b4 {[%clk 0:12:54]} 26. Nc4
{[%clk 0:13:32]} Qc7 {[%clk 0:12:14]} 27. hxg6 {[%clk 0:12:24]} hxg6
{[%clk 0:11:54]} 28. Nxe6 {[%clk 0:11:35]} fxe6 {[%clk 0:12:12]} 29. Qxg6+
{[%clk 0:11:58]} Kh8 {[%clk 0:12:33]} 30. Qh6+ {[%clk 0:11:46]} Kg8
{[%clk 0:12:56]} 31. Re4 {[%clk 0:10:34]} Ne3 {[%clk 0:10:45]} 32. Qg6+
{[%clk 0:06:21]} Kh8 {[%clk 0:11:09]} 33. Qh6+ {[%clk 0:06:48]} Kg8
{[%clk 0:11:32]} 34. Qxe6+ {[%clk 0:07:12]} Rf7 {[%clk 0:11:49]} 35. Rf4
{[%clk 0:06:23]} Bd5 {[%clk 0:10:23]} 36. Qg6+ {[%clk 0:06:47]} Rg7
{[%clk 0:08:24]} 37. Qe8+ {[%clk 0:07:12]} Kh7 {[%clk 0:08:45]} 38. Qh5+
{[%clk 0:07:26]} Kg8 {[%clk 0:09:06]} 39. Qe8+ {[%clk 0:05:16]} Kh7
{[%clk 0:09:27]} 40. Qh5+ {[%clk 0:05:42]} Kg8 {[%clk 0:09:53]} 41. Nxe3
{[%clk 0:06:05]} Bf7 {[%clk 0:09:03]} 42. Qf5 {[%clk 0:06:06]} bxc3
{[%clk 0:07:48]} 43. Qxd3 {[%clk 0:04:58]} cxb2 {[%clk 0:07:40]} 44. Bxb2
{[%clk 0:05:11]} Be6 {[%clk 0:04:48]} 45. Nf5 {[%clk 0:03:34]} Rh7
{[%clk 0:04:59]} 46. Nxe7+ {[%clk 0:03:16]} Qxe7 {[%clk 0:05:24]} 47. Qd6
{[%clk 0:01:55]} Qe8 {[%clk 0:04:06]} 48. Rf6 {[%clk 0:01:24]} Bf7
{[%clk 0:02:56]} 49. e6 {[%clk 0:01:34]} Bh5 {[%clk 0:03:19]} 50. Ba3
{[%clk 0:01:23]} Qf8 {[%clk 0:02:46]} 51. Qxf8# {[%clk 0:01:42]} 1-0

[Event "Copenhagen Chess Challenge 2"]
[Site "?"]
[Date "2015.05.02"]
[Round "7.5"]
[White "Andersen,2045, Kim Nyvang"]
[Black "Jacobsen,2188, Mikkel Manosri"]
[Result "1-0"]
[BlackElo "2188"]
[WhiteElo "2045"]
[LiveChessVersion "1.4.6"]

1. d4 {[%clk 1:30:56]} d5 {[%clk 1:30:55]} 2. c4 {[%clk 1:31:21]} c6
{[%clk 1:31:22]} 3. Nf3 {[%clk 1:31:41]} Nf6 {[%clk 1:31:46]} 4. Nc3
{[%clk 1:32:05]} e6 {[%clk 1:32:12]} 5. Bg5 {[%clk 1:32:20]} h6 {[%clk 1:32:36]}
6. Bh4 {[%clk 1:32:46]} Be7 {[%clk 1:32:57]} 7. e3 {[%clk 1:32:39]} Nbd7
{[%clk 1:33:20]} 8. Qc2 {[%clk 1:32:44]} O-O {[%clk 1:33:26]} 9. Rd1
{[%clk 1:32:43]} a6 {[%clk 1:32:59]} 10. c5 {[%clk 1:31:29]} b6 {[%clk 1:26:24]}
11. b4 {[%clk 1:31:26]} bxc5 {[%clk 1:26:08]} 12. bxc5 {[%clk 1:31:48]} Qa5
{[%clk 1:26:28]} 13. Be2 {[%clk 1:28:20]} g5 {[%clk 1:20:49]} 14. Bg3
{[%clk 1:26:16]} Ne4 {[%clk 1:21:13]} 15. Rc1 {[%clk 1:24:15]} f6
{[%clk 1:14:40]} 16. O-O {[%clk 1:21:16]} Qxc3 {[%clk 1:14:36]} 17. Qxc3
{[%clk 1:21:40]} Nxc3 {[%clk 1:14:59]} 18. Rxc3 {[%clk 1:22:06]} h5
{[%clk 1:10:22]} 19. Nd2 {[%clk 1:17:22]} h4 {[%clk 1:10:21]} 20. Bd6
{[%clk 1:15:22]} Bxd6 {[%clk 1:08:18]} 21. cxd6 {[%clk 1:15:47]} Nb8
{[%clk 1:07:41]} 22. e4 {[%clk 1:11:15]} e5 {[%clk 1:00:28]} 23. dxe5
{[%clk 1:07:32]} fxe5 {[%clk 1:00:02]} 24. exd5 {[%clk 1:04:17]} cxd5
{[%clk 0:59:39]} 25. Rc5 {[%clk 1:04:10]} Be6 {[%clk 0:57:29]} 26. Nf3
{[%clk 1:04:15]} Nd7 {[%clk 0:55:25]} 27. Ra5 {[%clk 0:59:15]} Rf5
{[%clk 0:54:55]} 28. Rxa6 {[%clk 0:51:41]} Rxa6 {[%clk 0:55:18]} 29. Bxa6
{[%clk 0:52:05]} h3 {[%clk 0:51:23]} 30. Re1 {[%clk 0:51:28]} Kf7
{[%clk 0:39:31]} 31. Bb5 {[%clk 0:47:15]} Kf6 {[%clk 0:38:10]} 32. a4
{[%clk 0:45:15]} g4 {[%clk 0:32:48]} 33. Nd2 {[%clk 0:44:17]} Rf4
{[%clk 0:31:56]} 34. a5 {[%clk 0:37:48]} Rd4 {[%clk 0:27:01]} 35. Nb3
{[%clk 0:23:56]} Rb4 {[%clk 0:24:12]} 36. Bxd7 {[%clk 0:24:10]} Bxd7
{[%clk 0:22:22]} 37. Nc5 {[%clk 0:23:59]} Bf5 {[%clk 0:18:46]} 38. d7
{[%clk 0:19:51]} Rb8 {[%clk 0:19:11]} 39. a6 {[%clk 0:20:10]} d4 {[%clk 0:13:55]}
40. f3 {[%clk 0:17:45]} gxf3 {[%clk 0:08:34]} 41. gxf3 {[%clk 0:17:54]} Bc2
{[%clk 0:08:06]} 42. a7 {[%clk 0:14:37]} Ra8 {[%clk 0:08:08]} 43. Nb7
{[%clk 0:14:37]} Rg8+ {[%clk 0:06:25]} 44. Kh1 {[%clk 0:14:57]} e4
{[%clk 0:04:12]} 45. d8=Q+ {[%clk 0:14:06]} Rxd8 {[%clk 0:04:32]} 46. Nxd8
{[%clk 0:14:31]} exf3 {[%clk 0:04:56]} 47. a8=Q {[%clk 0:14:32]} 1-0

[Event "Copenhagen Chess Challenge 2"]
[Site "?"]
[Date "2015.05.02"]
[Round "7.6"]
[White "Pedersen,2146, Nicolai Kvist Brondt"]
[Black "Karlsson,2022, Ulf"]
[Result "1-0"]
[BlackElo "2022"]
[WhiteElo "2146"]
[LiveChessVersion "1.4.6"]

1. d4 {[%clk 1:30:50]} d5 {[%clk 1:30:43]} 2. Nf3 {[%clk 1:30:28]} e6
{[%clk 1:31:06]} 3. c4 {[%clk 1:29:41]} c5 {[%clk 1:31:23]} 4. cxd5
{[%clk 1:30:07]} exd5 {[%clk 1:31:46]} 5. g3 {[%clk 1:30:16]} Nc6
{[%clk 1:31:55]} 6. Bg2 {[%clk 1:30:30]} Nf6 {[%clk 1:32:08]} 7. O-O
{[%clk 1:30:42]} Be7 {[%clk 1:32:05]} 8. Nc3 {[%clk 1:30:28]} O-O
{[%clk 1:32:22]} 9. dxc5 {[%clk 1:30:02]} Bxc5 {[%clk 1:32:28]} 10. Na4
{[%clk 1:29:27]} Be7 {[%clk 1:32:42]} 11. Be3 {[%clk 1:28:20]} b6
{[%clk 1:25:05]} 12. Rc1 {[%clk 1:22:51]} Bb7 {[%clk 1:25:29]} 13. Nd4
{[%clk 1:21:24]} Nxd4 {[%clk 1:24:22]} 14. Bxd4 {[%clk 1:20:56]} Qd7
{[%clk 1:23:05]} 15. Nc3 {[%clk 1:20:36]} Rfd8 {[%clk 1:21:35]} 16. Qb3
{[%clk 1:13:09]} Rac8 {[%clk 1:17:05]} 17. Rfd1 {[%clk 1:08:18]} Qe6
{[%clk 1:06:40]} 18. Rc2 {[%clk 0:56:41]} Ne4 {[%clk 0:59:29]} 19. Bf3
{[%clk 0:42:56]} Ba6 {[%clk 0:37:57]} 20. Nxe4 {[%clk 0:28:30]} Rxc2
{[%clk 0:38:11]} 21. Qxc2 {[%clk 0:26:22]} dxe4 {[%clk 0:37:01]} 22. Bxe4 Rc8
{[%clk 0:35:15]} 23. Bxh7+ {[%clk 0:22:07]} Kh8 {[%clk 0:34:41]} 24. Qe4
{[%clk 0:17:53]} Bxe2 {[%clk 0:33:47]} 25. Re1 {[%clk 0:17:14]} Qxe4
{[%clk 0:33:22]} 26. Bxe4 {[%clk 0:17:40]} Bc4 {[%clk 0:29:39]} 27. Bf5
{[%clk 0:16:27]} Bb4 {[%clk 0:27:49]} 28. Rc1 {[%clk 0:14:47]} Rc6
{[%clk 0:24:25]} 29. Be4 {[%clk 0:12:59]} Rc8 {[%clk 0:24:54]} 30. Bd5
{[%clk 0:11:51]} b5 {[%clk 0:23:54]} 31. b3 {[%clk 0:09:53]} Rd8 {[%clk 0:24:06]}
32. bxc4 {[%clk 0:09:39]} 1-0

[Event "Copenhagen Chess Challenge 2"]
[Site "?"]
[Date "2015.05.02"]
[Round "7.7"]
[White "Eriksson,2137, Christian Altenburg"]
[Black "Stuhr,1947, Peter Sebastian"]
[Result "1-0"]
[BlackElo "1947"]
[WhiteElo "2137"]
[LiveChessVersion "1.4.6"]

1. e4 {[%clk 1:30:51]} d6 {[%clk 1:30:16]} 2. d4 {[%clk 1:31:12]} Nf6
{[%clk 1:30:41]} 3. Nc3 {[%clk 1:31:28]} e5 {[%clk 1:31:06]} 4. Nf3
{[%clk 1:31:43]} Nbd7 {[%clk 1:31:30]} 5. Bc4 {[%clk 1:31:59]} Be7
{[%clk 1:31:56]} 6. O-O {[%clk 1:32:19]} O-O {[%clk 1:32:06]} 7. a4
{[%clk 1:32:12]} c6 {[%clk 1:31:30]} 8. Re1 {[%clk 1:32:21]} Rb8 {[%clk 1:29:56]}
9. Ba2 {[%clk 1:30:30]} b6 {[%clk 1:29:59]} 10. Bg5 {[%clk 1:29:53]} a6
{[%clk 1:29:53]} 11. h3 {[%clk 1:21:04]} b5 {[%clk 1:27:04]} 12. axb5
{[%clk 1:15:25]} axb5 {[%clk 1:27:27]} 13. Bb3 {[%clk 1:13:22]} Re8
{[%clk 1:20:15]} 14. Qb1 {[%clk 1:09:27]} Bb7 {[%clk 1:16:07]} 15. Qa2
{[%clk 1:04:44]} Rf8 {[%clk 1:14:54]} 16. Bxf6 {[%clk 1:04:01]} Bxf6
{[%clk 1:15:02]} 17. d5 {[%clk 1:03:43]} Nc5 {[%clk 1:05:38]} 18. dxc6
{[%clk 1:00:11]} Ra8 {[%clk 1:04:45]} 19. Qb1 {[%clk 0:58:02]} Nxb3
{[%clk 1:05:07]} 20. cxb3 {[%clk 0:57:21]} Bxc6 {[%clk 1:03:35]} 21. b4
{[%clk 0:56:33]} Qb6 {[%clk 1:00:07]} 22. Qd3 {[%clk 0:54:28]} Be7
{[%clk 0:57:59]} 23. Rxa8 {[%clk 0:46:29]} Rxa8 {[%clk 0:53:40]} 24. Rd1
{[%clk 0:44:34]} g6 {[%clk 0:50:42]} 25. Nd5 {[%clk 0:43:41]} Bxd5
{[%clk 0:50:43]} 26. Qxd5 {[%clk 0:43:41]} Rc8 {[%clk 0:49:19]} 27. Qd2
{[%clk 0:30:04]} Rc4 {[%clk 0:40:18]} 28. Re1 {[%clk 0:20:42]} Qb7
{[%clk 0:29:30]} 29. Qd3 {[%clk 0:20:02]} Rxb4 {[%clk 4:06:06]} 30. b3
{[%clk 0:19:52]} f5 {[%clk 0:28:51]} 31. exf5 {[%clk 0:18:38]} gxf5
{[%clk 0:20:15]} 32. Qxf5 {[%clk 0:18:16]} Rf4 {[%clk 0:20:03]} 33. Qe6+
{[%clk 0:18:09]} Kg7 {[%clk 0:20:12]} 34. Nxe5 {[%clk 0:16:26]} Rf6
{[%clk 0:18:45]} 35. Qg4+ {[%clk 0:15:38]} Kh8 {[%clk 0:18:52]} 36. Nd3
{[%clk 0:12:42]} Rg6 {[%clk 0:16:44]} 37. Qe4 {[%clk 0:12:59]} Qxe4
{[%clk 0:15:46]} 38. Rxe4 {[%clk 0:13:28]} Bf6 {[%clk 0:15:01]} 39. Re6
{[%clk 0:12:45]} Bd4 {[%clk 0:14:56]} 40. Re7 {[%clk 0:12:04]} Rf6
{[%clk 0:13:45]} 41. Kf1 {[%clk 0:11:55]} Rf5 {[%clk 0:13:32]} 42. Ke2
{[%clk 0:11:45]} Kg8 {[%clk 0:12:27]} 43. g4 {[%clk 0:10:42]} Rf6
{[%clk 0:07:30]} 44. Rb7 {[%clk 0:07:40]} Rh6 {[%clk 0:07:51]} 45. Rxb5
{[%clk 0:07:46]} Rxh3 {[%clk 0:08:11]} 46. Rd5 {[%clk 0:07:32]} Be5
{[%clk 0:06:24]} 47. b4 {[%clk 0:05:13]} Rh4 {[%clk 0:05:29]} 48. Nxe5
{[%clk 0:04:12]} dxe5 {[%clk 0:05:35]} 49. f3 {[%clk 0:03:44]} Rh2+
{[%clk 0:05:45]} 50. Ke3 {[%clk 0:03:46]} Rb2 {[%clk 0:05:53]} 51. b5
{[%clk 0:03:37]} Kf7 {[%clk 0:05:34]} 52. Rxe5 {[%clk 0:03:55]} Rb4
{[%clk 0:06:03]} 53. Rf5+ {[%clk 0:03:51]} Kg6 {[%clk 0:06:13]} 54. Kf2
{[%clk 0:04:01]} h6 {[%clk 0:06:16]} 55. Kg3 {[%clk 0:04:00]} Rb3
{[%clk 0:06:28]} 56. Rc5 {[%clk 0:04:10]} Kf6 {[%clk 0:06:22]} 57. Rf5+
{[%clk 0:04:15]} Kg6 {[%clk 0:06:51]} 58. Kf2 {[%clk 0:04:30]} Rb4
{[%clk 0:06:48]} 59. Ke2 {[%clk 0:04:45]} Rb3 {[%clk 0:06:56]} 60. Rc5
{[%clk 0:03:40]} Kf6 {[%clk 0:06:55]} 61. Rc6+ {[%clk 0:03:23]} Kg5
{[%clk 0:07:11]} 62. b6 {[%clk 0:03:41]} h5 {[%clk 0:05:45]} 63. Rc5+
{[%clk 0:03:19]} Kf4 {[%clk 0:06:11]} 64. Rf5+ {[%clk 0:03:13]} Kg3
{[%clk 0:06:29]} 65. Rxh5 {[%clk 0:03:15]} Rxb6 {[%clk 0:06:42]} 66. Rf5
{[%clk 0:03:40]} Re6+ {[%clk 0:07:04]} 67. Kd3 {[%clk 0:03:56]} Kh4
{[%clk 0:05:12]} 68. Kd4 {[%clk 0:04:00]} Re8 {[%clk 0:05:21]} 69. g5
{[%clk 0:04:12]} Kh5 {[%clk 0:05:27]} 70. f4 {[%clk 0:04:27]} Kg6
{[%clk 0:05:37]} 71. Rf6+ {[%clk 0:04:30]} Kg7 {[%clk 0:05:37]} 72. Kd5
{[%clk 0:03:53]} Re7 {[%clk 0:05:08]} 73. Re6 {[%clk 0:04:06]} Ra7
{[%clk 0:05:13]} 74. Ke4 {[%clk 0:04:11]} Ra5 {[%clk 0:04:55]} 75. Re5
{[%clk 0:04:06]} Ra7 {[%clk 0:04:37]} 76. Kf5 {[%clk 0:04:28]} Rf7+
{[%clk 0:04:40]} 77. Kg4 {[%clk 0:04:45]} Ra7 {[%clk 0:04:44]} 78. f5
{[%clk 0:04:14]} Kf8 {[%clk 0:03:36]} 79. Rb5 {[%clk 0:04:10]} Kg7
{[%clk 0:02:20]} 80. Kh5 {[%clk 0:03:54]} Kf8 {[%clk 0:02:05]} 81. f6
{[%clk 0:03:38]} Kf7 {[%clk 0:01:28]} 82. Re5 {[%clk 0:03:42]} Kg8
{[%clk 0:01:06]} 83. Re8+ {[%clk 0:03:22]} Kf7 {[%clk 0:00:52]} 84. Re7+
{[%clk 0:03:39]} Rxe7 {[%clk 0:01:20]} 85. fxe7 {[%clk 0:04:03]} Kxe7
{[%clk 0:01:41]} 86. Kh6 {[%clk 0:04:30]} 1-0